| 000 | 00770nam a2200253Ia 4500 | ||
|---|---|---|---|
| 003 | OSt | ||
| 005 | 20220926020901.0 | ||
| 006 | a|||||r|||| 00| 0 | ||
| 007 | ta | ||
| 008 | 220923b |||||||| |||| 00| 0 eng d | ||
| 020 | _a3540634584 | ||
| 037 | _cGeneral Book | ||
| 040 |
_aRTL _cRTL _beng |
||
| 041 |
_2eng _aeng |
||
| 082 | _aX;(R4), N7 | ||
| 100 |
_aKoslowski Peter Ed. _9325310 |
||
| 245 | 0 | _aMethodology of the social sciences ethics, and eco | |
| 260 |
_aNew York _bSpringer Verlag _c1997 |
||
| 300 |
_axii, 564p Bibliography chapterwise _ccm. |
||
| 490 | _aStudies in Economics, Ethics and Pholosophy | ||
| 650 |
_aEconomics irt ethics _9248641 |
||
| 942 |
_hX;(R4), N7 _cGB _2CC |
||
| 999 |
_c635168 _d635168 |
||